Statistics for "X" "Y" "Z" Synonyms

Click here to take the quiz!

General Stats

  • This quiz has been taken 47 times
  • The average score is 15 of 20

Answer Stats

WordXYZ Synonyms% Correct
ScreamYell / Yelp / Yowl
100%
NothingZero / Zilch
98%
DeliciousYum / Yummy
95%
UndeadZombie
93%
AffirmativeYes / Yeah
90%
BigfootYeti
90%
CopyXerox
88%
PimpleZit
83%
DesireYearn
73%
ChildYouth
73%
AmericanYankee / Yank
71%
RushZip / Zoom
68%
RegionZone
68%
CongoZaire
63%
CrazyZany
63%
SingYodel
61%
RacistXenophobe
54%
EnclosureYard
54%
GuruYogi
51%
PastaZiti
46%

Score Distribution

Percentile by Number Answered

Percent of People with Each Score

Your Score History

You have not taken this quiz